<The> Policing of mass demonstration in contemporary democracies <the> policing of protest in France: towards a model of protest policing

Guardado en:
Detalles Bibliográficos
Autor principal: Fillieule, Oliver
Otros Autores: Jobard, Fabien
Formato: Libro
Lenguaje:inglés
Publicado: San Domenico (FI) European University Institute 1997
Colección:EUI Working paper RSC No. 97/4
Materias:
Etiquetas: Agregar Etiqueta
Sin Etiquetas, Sea el primero en etiquetar este registro!

MARC

LEADER 00000nam a2200000 4500
001 c134402
005 20221124073816.1
041 0 |a eng 
044 |a IT 
245 1 0 |a <The> Policing of mass demonstration in contemporary democracies  |b <the> policing of protest in France: towards a model of protest policing  |c Oliver Fillieule and Fabien Jobard 
264 1 |a San Domenico (FI)  |b European University Institute  |c 1997 
300 |a 32 s. 
490 1 |a EUI Working paper RSC  |v No. 97/4 
830 0 |a EUI Working paper RSC  |v No. 97/4 
610 2 0 |a demokracia 
610 2 0 |a politika 
610 2 0 |a modely 
610 2 0 |a spoločnosť 
610 2 0 |a zákony 
610 2 0 |a Francúzsko 
100 1 |a Fillieule, Oliver 
700 1 |a Jobard, Fabien